000 00604nam a22001817a 4500
003 UA-OsUOA
001 16660
007 ta
008 20040118b un ||||| |||| 00| 0 ukr d
100 _aТишкевич Р.
942 _cSA
040 _aUA-OsUOA
_cUA-OsUOA
_dUA-OsUOA
245 _aСерце обрало історію: [Про музей ВПУ-22 м. Сарни, роботу краєзнавців Сарнен. р-ну]
300 _aС.5
955 _a0
773 0 _w0
_tСарненські новини
_dСарни
_d2003
_g№124/125/18 груд./
650 7 _aКраєзнавство
_2UDC
999 _c302825
_d302825